AKC Terrier Group Quiz Stats

Quiz not verified by Sporcle

Challenge
Share
Tweet
Embed
Score 0/27 Timer 12:00
0 Plays Today
% Correct
Bull Terrier
89.4%
Airedale Terrier
86.2%
Scottish Terrier
84.7%
Cairn Terrier
84.1%
American Staffordshire Terrier
83.6%
Welsh Terrier
83.6%
Kerry Blue Terrier
83.1%
Norfolk Terrier
83.1%
Norwich Terrier
83.1%
Bedlington Terrier
82.5%
Irish Terrier
82.5%
Parson Russell Terrier
81.5%
Australian Terrier
81%
Miniature Bull Terrier
81%
% Correct
West Highland White Terrier
81%
Border Terrier
80.4%
Lakeland Terrier
80.4%
Staffordshire Bull Terrier
80.4%
Smooth Fox Terrier
79.9%
Miniature Schnauzer
79.4%
Skye Terrier
79.4%
Wire Fox Terrier
79.4%
Sealyham Terrier
77.2%
Glen of Imaal Terrier
75.7%
Standard Manchester Terrier
74.6%
Soft Coated Wheaton Terrier
68.8%
Dande Dinmont Terrier
65.1%

You're not logged in!

Compare scores with friends on all Sporcle quizzes.
Sign Up with Email
OR
Log In

You Might Also Like...

Show Comments

Extras

Top Quizzes Today


Score Distribution

Your Account Isn't Verified!

In order to create a playlist on Sporcle, you need to verify the email address you used during registration. Go to your Sporcle Settings to finish the process.

Report this User

Report this user for behavior that violates our Community Guidelines.

Details: